Normal view
MARC view
Entry Término temático
001 - NÚMERO DE CONTROL
- campo de control: 76982
003 - IDENTIFICADOR DEL NÚMERO DE CONTROL
- campo de control: OSt
005 - FECHA Y HORA DE LA ÚLTIMA TRANSACCIÓN
- campo de control: 20201021124122.0
008 - DATOS DE LONGITUD FIJA
- campo de control de longitud fija: 201021|| aca||aabn | a|a d
040 ## - FUENTE DE LA CATALOGACIÓN
- Centro catalogador/agencia de origen: OSt
- Centro/agencia transcriptor: OSt
150 ## - ENCABEZAMIENTO--TÉRMINO DE MATERIA
- Término de materia o nombre geográfico como elemento de entrada: Legislación en derecho penal
- Subdivisión geográfica: República Dominicana
670 ## - FUENTE DE DATOS ENCONTRADOS
- Cita de la fuente: Work cat.: (OSt)28031: República Dominicana 447, Código procesal penal de la República Dominicana :, [200-?]
